01889nam a2200337 a 450000100100000000500170001000800410002704000250006808200170009310000310011024500790014126000340022030000220025450000660027650000320034250400330037465000230040765000390043065000320046965000490050104900090055095201310055995201300069095201300082095201150095095201210106595201160118695201160130295201160141899900170153400001503620200929163936.0100129s2002 dr 000 0 spa d aDO-SdBNPbspacBNPHU a615.1bM425r1 aMateo, Ana Milagros93403313aEl registro médico farmaceútico de medicamentos /cAna Milagros Mateo. aSanto Domingo :bLuxe,c2002. a94 p. : ;c22 cm. aIncluye datos biográficos de la autora en la contracubierta aIncluye glosario temático aIncluye bibliografas (p .88) 4aMedicamentos96323 4aMedicamentosxLegislación934034 4aMedicamentosxNormas934035 4aMedicamentosxPantentes, marcas, etc.934036 aBNPD 001054708DSaGRbGRcCTd2010-02-24iLF1l0o615.1 M425rp15036-100r2020-06-25te. 5w2020-06-25yLFDSZPréstamo en sala 001054708DSaGRbGRcCTd2010-02-24iLF1l0o615.1 M425rp15036-30r2020-06-25te. 3w2020-06-25yLFDSZPréstamo en sala 001054708DSaGRbGRcCTd2010-02-24iLF1l0o615.1 M425rp15036-40r2020-06-25te. 4w2020-06-25yLFDSZPréstamo en sala 0010718PDaPDbPDcCTd2010-02-24iLF1l0o615.1 M425rp15036-10r2020-06-25w2020-06-25yLFPDZNo se presta 0010718PDaPDbPDcCTd2010-02-24iLF1l0o615.1 M425rp15036-20r2020-06-25te. 2w2020-06-25yLFPDZNo se presta 00107-18PDaGRbGRcOId2010-01-29iLF1l0o615.1 M425rp15037-30r2020-06-25w2020-06-25yLFPDZNo se presta 00107-18PDaPDbPDcOId2010-01-29iLF1l0o615.1 M425rp15037-10r2020-06-25w2020-06-25yLFPDZNo se presta 00107-18PDaPDbPDcOId2010-01-29iLF1l0o615.1 M425rp15037-20r2020-06-25w2020-06-25yLFPDZNo se presta c14609d14609